| 000 | 00679nam a2200205 a 4500 | ||
|---|---|---|---|
| 001 | 54613 | ||
| 003 | BD-RjUL | ||
| 005 | 20211209080139.0 | ||
| 008 | 161108s1963 xxu||||| |||| 00| 0 eng d | ||
| 035 | _a(BD-RjUL)54735 | ||
| 040 |
_aBD-RjUL _beng _cBD-RjUL |
||
| 041 | _aeng | ||
| 082 |
_223 _a822.33 _bKEW 1963 |
||
| 100 |
_aKermode, Frank . _9159883 |
||
| 245 |
_aWilliam Shakespeare : the final plays: _bCymbeline, the Winter's Tale, the tempest, the Two Noble Kinsmen / _cby Frank Kermode. |
||
| 260 |
_aLondon : _bLongmans, Green, _c1963. |
||
| 300 |
_a59 p. : _bill, ; _c22 cm. |
||
| 600 |
_aShakespeare, William, -- 1564-1616 -- Tragicomedies. _9162891 |
||
| 942 |
_2ddc _cBK |
||
| 999 |
_c54613 _d54613 |
||